000 00311nam a2200133Ia 4500
005 20251222152637.0
008 251222s9999||||xx |||||||||||||| ||spa||
020 _a8434582066
082 _a800/S17/N2/T.II
100 _aSalvat Editores S.A
245 0 _aGrandes BiografĂ­as
264 _bSalvat
942 _cLIB
999 _c27949
_d27949